Gujarat Pay Commission, 1968 (Record no. 489337)

000 -LEADER
fixed length control field 00377cam a22001337a 4500
008 - FIXED-LENGTH DATA ELEMENTS--GENERAL INFORMATION
fixed length control field 180718b1968 xxu||||| |||| 00| 0 eng d
082 ## - DEWEY DECIMAL CLASSIFICATION NUMBER
Classification number K23x5441 G949
100 ## - MAIN ENTRY--PERSONAL NAME
Personal name Gujarat. Pay Commission
245 ## - TITLE STATEMENT
Title Gujarat Pay Commission, 1968
260 ## - PUBLICATION, DISTRIBUTION, ETC.
Place of publication, distribution, etc. Ahmedabad
Name of publisher, distributor, etc. The author
Date of publication, distribution, etc. 1968
300 ## - PHYSICAL DESCRIPTION
Extent 534+p.
500 ## - GENERAL NOTE
General note Chairman: Akbar S. Sarela
700 ## - ADDED ENTRY--PERSONAL NAME
Personal name Sarela, Akbar S. (Chairman)
Holdings
Withdrawn status Lost status Damaged status Not for loan Permanent Location Current Location Date acquired Full call number Barcode Date last seen Price effective from Koha item type
        Indian Institute of Public Administration Indian Institute of Public Administration 2018-08-04 K23x5441 G949 G9417 2018-08-04 2018-08-04 G

Powered by Koha